Forensic victimology: Examining violent crime victims in investigative and legal contexts (Record no. 394436)
[ view plain ]
| 000 -LEADER | |
|---|---|
| fixed length control field | 00610 a2200217 4500 |
| 005 - DATE & TIME | |
| control field | 20260127102126.0 |
| 008 - FIXED-LENGTH DATA ELEMENTS--GENERAL INFORMATION | |
| fixed length control field | 260122b |||||||| |||| 00| 0 eng d |
| 020 ## - ISBN | |
| International Standard Book Number | 9780128217689 |
| Price | $ 115.00 |
| 040 ## - CATALOGING SOURCE | |
| Original cataloging agency | VIVEKANANDA LIBRARY |
| 082 ## - DDC NUMBER | |
| Classification number | 362.88 |
| Book Number | T869F(3) |
| 100 ## - MAIN ENTRY--PERSONAL NAME | |
| Personal name | Turvey, Brent E |
| 245 ## - TITLE STATEMENT | |
| Title | Forensic victimology: Examining violent crime victims in investigative and legal contexts |
| 250 ## - EDITION STATEMENT | |
| Edition statement | 3rd |
| 260 ## - PUBLICATION, DISTRIBUTION, ETC. (IMPRINT) | |
| Name of publisher, distributor, etc | Academic Press |
| Date of publication, distribution, etc | 2023 |
| Place of publication, distribution, etc | London |
| 300 ## - PHYSICAL DESCRIPTION | |
| Pages | xxxvi, 575 |
| 650 ## - Subject | |
| Subject | Forensic Science |
| 650 ## - Subject | |
| Subject | Criminal Investigation |
| 650 ## - Subject | |
| Subject | Criminology |
| 650 ## - Subject | |
| Subject | Victimology |
| 942 ## - ADDED ENTRY ELEMENTS (KOHA) | |
| Koha item type | Books |
| Withdrawn status | Lost status | Source of classification or shelving scheme | Damaged status | Not for loan | Location (home branch) | Sublocation or collection (holding branch) | Shelving location | Date acquired | Koha issues (times borrowed) | Koha full call number | Accession No. | Koha date last seen | Koha item type |
|---|---|---|---|---|---|---|---|---|---|---|---|---|---|
| Dewey Decimal Classification | VIVEKANANDA LIBRARY | VIVEKANANDA LIBRARY | Vivekananda Library | 06/01/2026 | 362.88 T869F(3) | 444189 | 06/01/2026 | Books |
